000 00557cam a22002171 4500
001 8337634
005 20180220082907.0
008 770519r19441926enk 000 0 eng
010 _a 45005427
035 _a(OCoLC)2979384
040 _aDLC
_cTxU-Da
_dOCoLC
_dDLC
041 _aeng
080 _a423 FOW
082 _a423 FOW
100 1 _a23
101 _aFJA
245 1 2 _aA dictionary of modern English usage,
_cby H.W. Fowler ...
740 0 _aModern English usage.
906 _a7
_bcbc
_coclcrpl
_du
_encip
_f19
_gy-gencatlg
942 _2ddc
_cBK
999 _c42935
_d42935